000 00655cam a2200229Ia 4500
008
020 _a9788173198939 (hbk.)
049 _aMAIN
090 _aQD139
_bTRA
245 0 0 _aTrace analysis /
_cedited by Susanta Lahiri.
260 _aNew Delhi :
_bNarosa Publishing House,
_cc2008.
300 _a186 p. :
_bill. ;
_c25 cm.
500 _aIncludes index.
504 _aIncludes bibliographical references.
650 0 _aTrace analysis.
700 1 _aLahiri, Susanta.
907 _a.b10367263
_b07-12-15
_c07-12-15
003
005 20230123122202.0
040 _cNUST
942 _cBOOKS
_kQD139
_mTRA
999 _c129283
_d129283